The changing village community / (Record no. 123871)

MARC details
000 -LEADER
fixed length control field 00623nam a22002177a 4500
005 - DATE AND TIME OF LATEST TRANSACTION
control field 20170124105931.0
010 ## - LIBRARY OF CONGRESS CONTROL NUMBER
LC control number A-835096
020 ## - INTERNATIONAL STANDARD BOOK NUMBER
Terms of availability 00.00
037 ## - SOURCE OF ACQUISITION
Source of stock number/acquisition Cen Lib/Ret
040 ## - CATALOGING SOURCE
Original cataloging agency DPL
Language of cataloging EN
082 ## - DEWEY DECIMAL CLASSIFICATION NUMBER
Classification number 307.762
Item number HAP
100 ## - MAIN ENTRY--PERSONAL NAME
Personal name Halpern, Joel M
9 (RLIN) 8329
245 ## - TITLE STATEMENT
Title The changing village community /
Statement of responsibility, etc by Joel M. Halpern
260 ## - PUBLICATION, DISTRIBUTION, ETC. (IMPRINT)
Place of publication, distribution, etc New Delhi
Name of publisher, distributor, etc Prentice-Hall of India
Date of publication, distribution, etc 1967
270 ## - ADDRESS
Address India Offset Press
City New Delhi
300 ## - PHYSICAL DESCRIPTION
Extent vi,136p.
Dimensions 23cm(Hb)
500 ## - GENERAL NOTE
General note Includes index
650 ## - SUBJECT ADDED ENTRY--TOPICAL TERM
Topical term or geographic name as entry element Rural conditions
9 (RLIN) 6819
650 ## - SUBJECT ADDED ENTRY--TOPICAL TERM
Topical term or geographic name as entry element Urbanization
9 (RLIN) 8330
942 ## - ADDED ENTRY ELEMENTS (KOHA)
Source of classification or shelving scheme Dewey Decimal Classification
Koha item type English Books
Classification part 307.762
Call number suffix HAY
Holdings
Withdrawn status Lost status Damaged status Not for loan Home library Current library Date acquired Source of acquisition Cost, normal purchase price Total Checkouts Full call number Barcode Date last seen Copy number Cost, replacement price Price effective from Koha item type Public note
Written off       Central Library Central Library 12/06/2015 Cen Lib/Ret 0.00   307.762 HAP A-835096 12/06/2015 1 0.00 12/06/2015 English Books Written off on approval by DLB (By Circulation); dtd 15-06-2023

© Delhi Public Library
Hit Counter
free hit counter